[Event "GMB"]
[Site "Bermuda BER"]
[Date "2002.01.21"]
[Round "1"]
[White "Kallio,H"]
[Black "Alvarez,Joh"]
[Result "1-0"]
[WhiteElo "2522"]
[BlackElo "2379"]
[EventDate "2002.01.21"]

1. d4 Nf6 2. c4 g6 3. Nc3 Bg7 4. e4 d6 5. Nf3 O-O 6. h3 c5 7. d5 a6 8. a4
e5 9. Bg5 h6 10. Be3 Kh7 11. g4 b6 12. Bd3 Ng8 13. Rg1 Ne7 14. Nd2 Ra7 15.
Nf1 Bf6 16. Qd2 Ng8 17. Kd1 Bg5 18. Kc2 a5 19. Kb3 Na6 20. Re1 Bd7 21. f4
exf4 22. Bxf4 Nb4 23. Bb1 Re8 24. Ng3 Re5 25. Ref1 Be8 26. Qh2 Bxf4 27.
Rxf4 Qe7 28. h4 Qf8 29. g5 f6 30. gxf6 Rf7 31. Rgf1 Rxf6 32. Rxf6 Nxf6 33.
Qf2 Kg7 34. h5 Qe7 35. hxg6 Bxg6 36. Nf5+ Bxf5 37. exf5 Re3 38. Rg1+ Kf7
39. Qg2 Qf8 40. Qg6+ Ke7 41. Rh1 Ng8 42. f6+ Nxf6 43. Rxh6 Rg3 44. Rh7+
Nxh7 45. Qxg3 Nf6 46. Bf5 Qg8 47. Qe3+ Kd8 48. Qf4 Ke7 49. Nb5 Ne8 50. Qe4+
Kf6 51. Nc3 Ng7 52. Bh7 Qe8 53. Qf4+ Ke7 54. Ne4 Qd7 55. Qf6+ 1-0

[Event "GMB"]
[Site "Bermuda BER"]
[Date "2002.01.22"]
[Round "2"]
[White "Perelshteyn,E"]
[Black "Alvarez,Joh"]
[Result "1/2-1/2"]
[WhiteElo "2451"]
[BlackElo "2379"]
[EventDate "2002.01.21"]

1. e4 c5 2. Nf3 d6 3. d4 cxd4 4. Nxd4 Nf6 5. Nc3 a6 6. Be2 e5 7. Nb3 Be7 8.
O-O O-O 9. Re1 Nbd7 10. Bf1 b5 11. a4 b4 12. Nd5 Nxd5 13. exd5 a5 14. c4
Bb7 15. Be3 Bg5 16. Qd2 Bxe3 17. Qxe3 Qb6 18. Qxb6 Nxb6 19. f4 exf4 20. Nd4
Rfd8 21. Re7 Nd7 22. Bd3 Nc5 23. Bc2 Kf8 24. Rae1 g6 25. b3 Re8 26. Rxe8+
Rxe8 27. Rxe8+ Kxe8 28. Kf2 Ke7 29. Ne2 Bc8 30. Kf3 f5 31. Nd4 Bd7 32. Kxf4
Kf6 33. h4 h6 34. g3 g5+ 35. hxg5+ hxg5+ 36. Ke3 Ke5 37. Nf3+ Kf6 38. Nd4
Ke5 39. Nf3+ Kf6 40. Nd4 1/2-1/2

[Event "GMB"]
[Site "Bermuda BER"]
[Date "2002.01.22"]
[Round "2"]
[White "Shahade,G"]
[Black "Berg,E"]
[Result "1/2-1/2"]
[WhiteElo "2454"]
[BlackElo "2500"]
[EventDate "2002.01.21"]

1. e4 e6 2. d4 d5 3. Nd2 Nf6 4. e5 Nfd7 5. c3 c5 6. Bd3 Nc6 7. Ne2 cxd4 8.
cxd4 f6 9. exf6 Nxf6 10. O-O Bd6 11. Nf3 Qc7 12. Bg5 O-O 13. Bh4 Kh8 14.
Bg3 Bxg3 15. Nxg3 Qb6 16. Qa4 a6 17. Qb3 Qa7 18. Ne2 Bd7 19. Rad1 Rae8 20.
Bb1 Qb8 21. Qd3 e5 22. dxe5 Nxe5 23. Nxe5 Rxe5 24. Nc3 Rfe8 25. Qg3 b5 26.
Bd3 Qb6 27. h3 h6 28. Rd2 Rg5 29. Qh4 Nh5 30. Ne2 Qf6 31. Kh1 Re3 32. Nf4
Rxd3 33. Nxd3 Ng3+ 34. fxg3 Qxf1+ 35. Kh2 Bf5 36. Ne5 Be4 37. Qf4 Rf5 38.
Ng6+ Kh7 39. Qxf1 Rxf1 40. Nf4 Ra1 41. a3 Rb1 42. Ne2 Kg8 43. Nc3 Rc1 44.
Nxd5 Bxd5 45. Rxd5 Rc2 46. Rd8+ Kh7 47. Ra8 Rxb2 48. Rxa6 1/2-1/2

[Event "GMB"]
[Site "Bermuda BER"]
[Date "2002.01.23"]
[Round "3"]
[White "Alvarez,Joh"]
[Black "De Vreugt,D"]
[Result "0-1"]
[WhiteElo "2379"]
[BlackElo "2446"]
[EventDate "2002.01.21"]

1. d4 Nf6 2. c4 e6 3. Nc3 Bb4 4. e3 c5 5. Bd3 Nc6 6. Nge2 cxd4 7. exd4 d5
8. cxd5 Nxd5 9. O-O O-O 10. Bc2 Bd6 11. Ne4 Be7 12. Ba4 Qb6 13. Rb1 Rd8 14.
Bg5 h6 15. Be3 e5 16. Bxc6 bxc6 17. N4c3 Bf5 18. Na4 Qa6 19. Rc1 Bg4 20.
Re1 Nxe3 21. fxe3 Bh4 22. g3 Bg5 23. Rc3 exd4 24. exd4 Re8 25. Nc5 Qxa2 26.
Rb3 Rab8 27. Nc3 Bxd1 28. Rxb8 Rxb8 29. Nxa2 Rxb2 0-1

[Event "GMB"]
[Site "Bermuda BER"]
[Date "2002.01.24"]
[Round "4"]
[White "Perelshteyn,E"]
[Black "De Vreugt,D"]
[Result "0-1"]
[WhiteElo "2451"]
[BlackElo "2446"]
[EventDate "2002.01.21"]

1. e4 e5 2. Nf3 Nc6 3. Bb5 a6 4. Ba4 Nf6 5. O-O b5 6. Bb3 Bc5 7. a4 Rb8 8.
c3 d6 9. d4 Bb6 10. Na3 O-O 11. axb5 axb5 12. Nxb5 Bg4 13. Re1 exd4 14.
Nbxd4 Bxd4 15. cxd4 Bxf3 16. gxf3 Nxd4 17. Bxf7+ Rxf7 18. Qxd4 Nh5 19. Ra7
Qd7 20. Qd5 Nf6 21. Qa2 h6 22. Bf4 Rbf8 23. Bg3 Kh7 24. Rd1 Qh3 25. Rc1 Ne8
26. Ra3 h5 27. Qd5 Rf6 28. Qg5 Rg6 29. Qe7 Rg8 30. Kh1 Nf6 31. Rg1 h4 32.
Bf4 Ra8 33. Qf7 Rxg1+ 34. Kxg1 Rxa3 35. bxa3 Qxf3 0-1

[Event "GMB"]
[Site "Bermuda BER"]
[Date "2002.01.24"]
[Round "4"]
[White "Nyback,T"]
[Black "Kallio,H"]
[Result "1/2-1/2"]
[WhiteElo "2448"]
[BlackElo "2522"]
[EventDate "2002.01.21"]

1. Nf3 d5 2. b3 Nf6 3. Bb2 c6 4. e3 Bf5 5. Be2 Nbd7 6. O-O h6 7. d3 e6 8.
Nbd2 Bh7 9. c4 Be7 10. a3 a5 11. Bc3 Nc5 12. Ne5 dxc4 13. Ndxc4 O-O 14. Qc2
Nd5 15. Bd2 f6 16. Nf3 a4 17. bxa4 Nxa4 18. e4 Nc7 19. Na5 Nc5 20. Rfb1 Ra7
21. Nb3 Nxb3 22. Qxb3 b5 23. Rc1 Ra6 24. Bb4 Bg6 25. Rc3 Bf7 26. Rac1 e5
27. Qd1 Bxb4 28. axb4 Ne6 29. Rxc6 Rxc6 30. Rxc6 Nd4 31. Rc5 Nxf3+ 32. Bxf3
Qd4 33. Rxb5 Ra8 34. Ra5 Rc8 35. b5 1/2-1/2

[Event "GMB"]
[Site "Bermuda BER"]
[Date "2002.01.24"]
[Round "4"]
[White "Blehm,P"]
[Black "Berg,E"]
[Result "1/2-1/2"]
[WhiteElo "2535"]
[BlackElo "2500"]
[EventDate "2002.01.21"]

1. e4 e6 2. d4 d5 3. Nc3 Bb4 4. exd5 exd5 5. Bd3 Nc6 6. a3 Be7 7. Nce2 Bf6
8. c3 h5 9. Qc2 Nge7 10. h4 Bg4 11. Bf4 Qd7 12. Ng3 O-O-O 13. f3 Be6 14.
O-O-O Kb8 15. Kb1 Nc8 16. Nf5 N6e7 17. Ne3 Nd6 18. Ne2 Ndf5 19. g3 Nxe3 20.
Bxe3 Bf5 21. Nc1 Rhe8 22. Rhe1 b6 23. Bf2 g6 24. Re2 Qd6 25. Rde1 Be6 26.
Bg1 Nf5 27. Bh2 Qd7 28. Ka1 Nd6 29. Qd2 Bf5 30. Qf4 1/2-1/2

[Event "GMB"]
[Site "Bermuda BER"]
[Date "2002.01.25"]
[Round "5"]
[White "Kallio,H"]
[Black "Blehm,P"]
[Result "0-1"]
[WhiteElo "2522"]
[BlackElo "2535"]
[EventDate "2002.01.21"]

1. d4 Nf6 2. c4 g6 3. Nc3 Bg7 4. e4 O-O 5. Nf3 d6 6. h3 c6 7. Bg5 e5 8. d5
a5 9. Bd3 Na6 10. g4 Bd7 11. Nd2 Nc5 12. Bc2 cxd5 13. exd5 a4 14. Rb1 h6
15. Be3 Qa5 16. O-O b5 17. f4 exf4 18. Bxf4 bxc4 19. Nxc4 Qa6 20. Nxd6 h5
21. g5 Nh7 22. h4 a3 23. b4 Nb7 24. Nxb7 Qxb7 25. Ne4 Rad8 26. Nc5 Qb6 27.
Rf2 Bc6 28. Be4 Rfe8 29. Bg2 Bd7 30. Qd2 Nf8 31. Be3 Qb8 32. Bf4 Qb6 33.
Rb3 Bb2 34. Bg3 Bf5 35. Na4 Qb5 36. Nxb2 axb2 37. Rxb2 Be4 38. Bf1 Qb6 39.
d6 Ne6 40. Be5 Ba8 41. Qc3 Rxd6 42. Bxd6 Qxd6 43. Rbd2 Qb8 44. Rde2 Rc8 45.
Qh3 Rc4 46. Rxe6 Rg4+ 47. Bg2 fxe6 48. Qd3 Be4 49. Qd7 Qb6 50. Qf7+ Kh8 51.
Qf8+ Kh7 52. Qe7+ Kg8 53. Qc5 Qd8 54. Kh2 Rxh4+ 55. Kg1 Rg4 56. Kh2 Qb8+
57. Kg1 Bxg2 58. Rxg2 Rxb4 59. Qe3 Rb1+ 60. Kf2 Qf8+ 61. Kg3 Qd6+ 62. Qf4
h4+ 63. Kf3 Rf1+ 64. Ke2 Qxf4 65. Kd3 Qf3+ 66. Kd4 Qxg2 67. Kc5 Qd5+ 68.
Kb4 Rf4+ 69. Ka3 Qc5+ 70. Kb2 Rb4+ 71. Ka3 Qa5+ 0-1

[Event "GMB"]
[Site "Bermuda BER"]
[Date "2002.01.27"]
[Round "6"]
[White "Perelshteyn,E"]
[Black "Shahade,G"]
[Result "1-0"]
[WhiteElo "2451"]
[BlackElo "2454"]
[EventDate "2002.01.21"]

1. e4 e5 2. Nf3 Nf6 3. Nxe5 d6 4. Nf3 Nxe4 5. Nc3 Nf6 6. d4 d5 7. Bd3 Be7
8. h3 O-O 9. O-O Be6 10. Ne2 Ne4 11. c4 c6 12. Qc2 Re8 13. Nc3 Nxc3 14.
Bxh7+ Kf8 15. bxc3 dxc4 16. Bf4 Nd7 17. Rfe1 Bd5 18. Re3 Nf6 19. Rae1 Bd6
20. Ne5 Qc7 21. Bg5 Nd7 22. Qe2 Nxe5 23. dxe5 Bc5 24. Rg3 Be6 25. Qh5 1-0

[Event "GMB"]
[Site "Bermuda BER"]
[Date "2002.01.28"]
[Round "7"]
[White "Berg,E"]
[Black "Perelshteyn,E"]
[Result "1/2-1/2"]
[WhiteElo "2500"]
[BlackElo "2451"]
[EventDate "2002.01.21"]

1. e4 c5 2. Nf3 Nc6 3. d4 cxd4 4. Nxd4 g6 5. Nc3 Bg7 6. Be3 Nf6 7. Bc4 Qa5
8. O-O O-O 9. Bb3 d6 10. h3 Bd7 11. Qd3 Rac8 12. f4 Nh5 13. Nde2 Be6 14.
Rad1 Nf6 15. Bxe6 fxe6 16. Qc4 d5 17. exd5 Nb4 18. Qb3 Nbxd5 19. Bd4 Qb4
20. Nxd5 Nxd5 21. Qxb4 Nxb4 22. Bxg7 Kxg7 23. Rd7 Rfd8 24. Rxe7+ Kf8 25.
Rxh7 Rxc2 26. f5 Kg8 27. Rxb7 Rxe2 28. Rxb4 gxf5 29. Rf3 Rdd2 30. Rg3+ Kf7
31. Ra4 Rxb2 32. Rxa7+ Kf6 33. a3 f4 34. Rgg7 Re1+ 35. Kh2 Rbb1 36. Rgf7+
Kg5 37. Rg7+ Kf6 38. Rgf7+ Kg5 39. Rg7+ Kh6 40. Rh7+ Kg6 41. Rhg7+ 1/2-1/2

[Event "GMB"]
[Site "Bermuda BER"]
[Date "2002.01.28"]
[Round "7"]
[White "De Vreugt,D"]
[Black "Blehm,P"]
[Result "0-1"]
[WhiteElo "2446"]
[BlackElo "2535"]
[EventDate "2002.01.21"]

1. e4 c5 2. Nc3 Nc6 3. g3 g6 4. Bg2 Bg7 5. d3 d6 6. Be3 Rb8 7. Qd2 b5 8.
Nge2 Nd4 9. O-O h5 10. Nd1 h4 11. Nf4 g5 12. Ne2 g4 13. Nxd4 cxd4 14. Bg5
hxg3 15. fxg3 f6 16. Bh4 Nh6 17. Nf2 Nf7 18. h3 Bh6 19. Qe2 Be3 20. hxg4
Ne5 21. Bf3 Ng6 22. g5 Nxh4 23. Bh5+ Kd7 24. gxh4 fxg5 25. Bg4+ Kc7 26. h5
Bxg4 27. Qxg4 Qe8 28. Kg2 Qxh5 29. Qxh5 Rxh5 30. Rh1 Rbh8 31. Rxh5 Rxh5 32.
Nh1 Rh8 33. a4 Kb6 34. e5 b4 35. exd6 exd6 36. Re1 Bf4 37. Ng3 Rh4 38. Nf1
Be5 39. b3 Kc5 40. Re2 Kd5 41. Kf3 Ke6 42. Kg2 Kf6 43. Rf2+ Bf4 44. Re2 Rh8
45. Re4 Rc8 46. Re2 d5 47. Kf3 Kf5 48. Kg2 Kg4 49. Rf2 Re8 50. Nh2+ Bxh2
51. Kxh2 Re3 52. Kg1 Re1+ 53. Kg2 Rc1 54. Re2 Kf4 55. Rf2+ Ke3 0-1

[Event "GMB"]
[Site "Bermuda BER"]
[Date "2002.01.28"]
[Round "7"]
[White "Shahade,G"]
[Black "Nyback,T"]
[Result "1-0"]
[WhiteElo "2454"]
[BlackElo "2448"]
[EventDate "2002.01.21"]

1. e4 d6 2. d4 Nf6 3. Nc3 g6 4. Nf3 Bg7 5. Be2 O-O 6. O-O c6 7. a4 Nbd7 8.
Bf4 Qc7 9. e5 Nh5 10. Bg5 dxe5 11. Bxe7 Re8 12. d5 Nf4 13. d6 Qa5 14. Bc4
Nb6 15. Bb3 Nfd5 16. Re1 Nxe7 17. dxe7 Rxe7 18. Ng5 Bf5 19. g4 Bd7 20. Qd6
Rae8 21. Nxf7 Rxf7 22. Bxf7+ Kxf7 23. b4 Qa6 24. a5 Bf8 25. Qc7 Qc4 26. Ne4
Rc8 27. Qxb7 1-0

[Event "GMB"]
[Site "Bermuda BER"]
[Date "2002.01.29"]
[Round "8"]
[White "Perelshteyn,E"]
[Black "Nyback,T"]
[Result "1/2-1/2"]
[WhiteElo "2451"]
[BlackElo "2448"]
[EventDate "2002.01.21"]

1. e4 d6 2. d4 Nf6 3. Nc3 g6 4. Nf3 Bg7 5. h3 c6 6. a4 O-O 7. Be3 Nbd7 8.
a5 e5 9. dxe5 dxe5 10. Qd6 Re8 11. Bc4 Bf8 12. Qd3 Bg7 13. O-O Qe7 14. Na4
Nh5 15. g3 Nf8 16. Ng5 Ne6 17. Nxe6 Bxe6 18. Bxe6 Qxe6 19. Kg2 Red8 20. Qb3
Qxb3 21. cxb3 Bf8 22. Rfd1 Nf6 23. Kf3 Kg7 24. Rxd8 Rxd8 25. Nc3 a6 26. Ke2
Bb4 27. Ra4 Be7 28. Bb6 Rd7 29. Ra1 Ne8 30. Rd1 Rxd1 31. Nxd1 Kf6 32. Ne3
Ke6 33. Kd3 h5 34. g4 Nf6 35. f3 Bb4 36. Bd8 hxg4 37. hxg4 Nd7 38. Nc2 Bd6
39. Kc4 Nf8 40. Bg5 Kd7 41. Be3 Ne6 42. Ne1 Bc7 43. b4 Bd6 1/2-1/2

[Event "GMB"]
[Site "Bermuda BER"]
[Date "2002.01.29"]
[Round "8"]
[White "Berg,E"]
[Black "Kallio,H"]
[Result "1-0"]
[WhiteElo "2500"]
[BlackElo "2522"]
[EventDate "2002.01.21"]

1. e4 Nf6 2. e5 Nd5 3. d4 d6 4. c4 Nb6 5. exd6 cxd6 6. Nc3 g6 7. Bg5 Bg7 8.
Rc1 O-O 9. Qd2 Nc6 10. d5 Ne5 11. b3 f6 12. Be3 e6 13. Be2 Re8 14. h3 exd5
15. cxd5 Bd7 16. Nf3 Nxf3+ 17. Bxf3 Bh6 18. O-O Bxe3 19. fxe3 Qe7 20. a4 a5
21. Qd4 Qxe3+ 22. Qxe3 Rxe3 23. Ne4 Nxd5 24. Rfd1 f5 25. Ng5 Nc3 26. Rxd6
Rxf3 27. Rc2 Re3 28. Rxd7 Rc8 29. Nxh7 Ne2+ 30. Kf2 Rxc2 31. Kxe3 Nc1 32.
Kf4 Nxb3 33. Kg5 Nc5 34. Re7 Ne6+ 35. Kh6 Rc6 36. Rxb7 g5 37. Rb8+ Nf8+ 38.
Kxg5 Kxh7 39. Rxf8 Rg6+ 40. Kh5 Rh6+ 41. Kg5 Rg6+ 42. Kf4 Rxg2 43. Rxf5
Rf2+ 44. Kg5 Rg2+ 45. Kh5 1-0

[Event "GMB"]
[Site "Bermuda BER"]
[Date "2002.01.30"]
[Round "9"]
[White "Kallio,H"]
[Black "Perelshteyn,E"]
[Result "1-0"]
[WhiteElo "2522"]
[BlackElo "2451"]
[EventDate "2002.01.21"]

1. d4 Nf6 2. c4 g6 3. Nc3 Bg7 4. e4 d6 5. Nf3 O-O 6. Be2 Na6 7. Bg5 h6 8.
Bh4 Qe8 9. Qd2 Nh5 10. Nd5 g5 11. Nxg5 hxg5 12. Bxh5 e6 13. Nxc7 Qc6 14.
Nxa6 Qxe4+ 15. Qe2 Qxe2+ 16. Kxe2 gxh4 17. Nc7 Rb8 18. Nb5 Rd8 19. Rhd1 a6
20. Nc3 b5 21. cxb5 axb5 22. Ne4 Bh6 23. d5 e5 24. b4 f5 25. Nd2 Bd7 26.
Rdc1 Rdc8 27. Kd1 Kg7 28. Rxc8 Rxc8 29. Rc1 Rxc1+ 30. Kxc1 Kf6 31. Kc2 e4
32. Nb1 Ke5 33. Nc3 f4 34. Bg6 e3 35. fxe3 fxe3 36. g3 hxg3 37. hxg3 e2 38.
Nxe2 Kxd5 39. Nc3+ Kc6 40. Be4+ Kb6 41. Nd5+ Ka6 42. a3 Bg5 43. Bd3 Bc6 44.
Nc3 Kb6 45. g4 Bf6 46. Bxb5 Bg2 47. Bd3 d5 48. Bf5 Kc6 49. a4 Be7 50. Kb3
Bf1 51. a5 Bc4+ 52. Ka4 Bf6 53. Nb1 Be2 54. Na3 Bd1+ 55. Nc2 Be2 56. Ne1
Bh4 57. Nd3 Bd1+ 58. Ka3 Be7 59. Ne5+ Kc7 60. a6 Bf6 61. a7 Kb7 62. Nc6 Be2
63. Ka4 d4 64. b5 Bf3 65. Ka5 1-0

[Event "GMB"]
[Site "Bermuda BER"]
[Date "2002.01.30"]
[Round "9"]
[White "Nyback,T"]
[Black "Blehm,P"]
[Result "0-1"]
[WhiteElo "2448"]
[BlackElo "2535"]
[EventDate "2002.01.21"]

1. Nf3 Nf6 2. d4 g6 3. Nc3 d5 4. Bf4 c6 5. e3 Nh5 6. Bg5 h6 7. Bh4 Bg7 8.
Be2 Qb6 9. a3 Nd7 10. O-O g5 11. Bg3 Nxg3 12. hxg3 e5 13. dxe5 Nxe5 14.
Nxe5 Bxe5 15. Qd2 Be6 16. Na4 Qc7 17. Nc5 O-O-O 18. c4 h5 19. cxd5 Bxd5 20.
Qb4 Bd6 21. e4 Be6 22. Nxe6 fxe6 23. Qb3 h4 24. Qxe6+ Kb8 25. g4 h3 26.
Rfd1 Bc5 27. Rxd8+ Rxd8 28. Rd1 Rf8 29. e5 Qh7 30. Rd7 Bxf2+ 0-1